عرض عادي عرض مارك
  • Dodd, Stephen L.

مدخل إسم شخص

عدد التسجيلات المستخدمة في: 2

001 - رقم الضبط

  • حقل الضبط: 10675

003 - معرف رقم الضبط

  • حقل الضبط: OSt

005 - تاريخ ووقت أخر عملية

  • حقل الضبط: 20120411022927.0

008 - عناصر بيانات ثابتة الطول

  • حقل تحكم ثابت الطول: 120411|||a|||||| | ||| d

040 ## - مصدر الفهرسة

  • هيئة الفهرسة الأصلية: OSt
  • وكالة الكتابة: OSt

100 ## - مدخل -- أسم شخص

  • إسم شخص: Dodd, Stephen L.

670 ## - بيانات المصدر موجوده

  • الاستشهاد بالمصدر: Work cat.: (OSt)0: Dodd, Stephen L., Behavior change log book and wellness journal /, 2006.